Mexico's Presidents - Statistics

General Stats
  • This quiz has been taken 241 times
  • The average score is 35 of 87
Answer Stats
Period President % Correct
2018 - Andrés Manuel López Obrador
97%
2000 - 2006 Vicente Fox
94%
1858 -1865 Benito Juárez
89%
1865 - 1872 Benito Juárez
89%
1876 Porfirio Díaz
89%
1877 - 1880 Porfirio Díaz
89%
1884 - 1910 Porfirio Díaz
89%
2012 - 2018 Enrique Peña Nieto
87%
2006 - 2012 Felipe Calderón
84%
1934 - 1940 Lázaro Cárdenas
76%
1847 Manuel de la Peña y Peña
76%
1848 Manuel de la Peña y Peña
76%
1982 - 1988 Miguel de la Madrid
76%
1833 - 1835 Antonio López de Santa Anna
74%
1839 Antonio López de Santa Anna
74%
1841 - 1842 Antonio López de Santa Anna
74%
1843 Antonio López de Santa Anna
74%
1844 Antonio López de Santa Anna
74%
1847 Antonio López de Santa Anna
74%
1847 Antonio López de Santa Anna
74%
1853 - 1855 Antonio López de Santa Anna
74%
1988 - 1994 Carlos Salinas
74%
1911 - 1913 Francisco I. Madero
71%
1914 - 1920 Venustiano Carranza
71%
1994 - 2000 Ernesto Zedillo
70%
1824 - 1829 Guadalupe Victoria
68%
1970 - 1976 Luis Echeverría
68%
1920 - 1924 Álvaro Obregón
64%
1841 Francisco Javier Echeverría
63%
1924 - 1928 Plutarco Elías Calles
60%
1964 - 1970 Gustavo Díaz Ordaz
57%
1829 Vicente Guerrero
56%
1920 Adolfo de la Huerta
52%
1958 - 1964 Adolfo López Mateos
52%
1913 - 1914 Victoriano Huerta
52%
1946 - 1952 Miguel Alemán
46%
1940 - 1946 Manuel Ávila Camacho
44%
1976 - 1982 José López Portillo
43%
1958 - 1958 Adolfo Ruiz Cortines
37%
1932 - 1934 Abelardo L. Rodríguez
34%
1872 - 1876 Sebastián Lerdo de Tejada
30%
1928 - 1930 Emilio Portes Gil
29%
1855 - 1858 Ignacio Comonfort
27%
1830 - 1832 Anastasio Bustamante
26%
1837 - 1839 Anastasio Bustamante
26%
1839 - 1841 Anastasio Bustamante
26%
1930 - 1932 Pascual Ortiz Rubio
24%
1913 Pedro Lascuráin
22%
1839 Nicolás Bravo
20%
1842 - 1843 Nicolás Bravo
20%
1846 Nicolás Bravo
20%
1914 - 1915 Eulalio Gutiérrez Ortiz
18%
1833 - 1834 Valentín Gómez Farías
17%
1846 - 1847 Valentín Gómez Farías
17%
1829 José María Bocanegra
16%
1911 Francisco León de la Barra
16%
1844 José Joaquín de Herrera
15%
1844 - 1845 José Joaquín de Herrera
15%
1848 - 1851 José Joaquín de Herrera
15%
1876 - 1877 Juan Nepomuceno Méndez
15%
1880 - 1884 Manuel González Flores
15%
1914 Francisco Carvajal
13%
1851 - 1853 Mariano Arista
13%
1832 Melchor Múzquiz
13%
1915 Roque González Garza
13%
1915 Francisco Lagos Cházaro
12%
1860 José Ignacio Pavón
12%
1846 José Mariano Salas
12%
1859 José Mariano Salas
12%
1847 Pedro María Anaya
12%
1848 Pedro María Anaya
12%
1876 José María Iglesias
11%
1835 - 1836 Miguel Barragán
11%
1843 - 1844 Valentín Canalizo
11%
1844 Valentín Canalizo
11%
1836 - 1837 José Justo Corro
10%
1853 Juan Bautista Ceballos
10%
1832 - 1833 Manuel Gómez Pedraza
10%
1858 Félix María Zuloaga
9%
1853 Manuel María Lombardini
9%
1845 - 1846 Mariano Paredes y Arrillaga
9%
1858 - 1859 Manuel Robles Pezuela
7%
1855 Juan Álvarez Hurtado
6%
1855 Martín Carrera Sabat
5%
1859 - 1860 Miguel Miramón y Tarelo
5%
1860 Miguel Miramón y Tarelo
5%
1855 Rómulo Díaz de la Vega Fuentes
4%
No matching quizzes found
Score Distribution
Percent of People with Each Score
Percentile by Number Answered
Your Score History
You have not taken this quiz